00310nam a2200133Ia 4500003000400000005001700004008004100021020001800062040001700080100002000097245002900117260002100146260000900167OSt20240318145924.0170524s9999 xx 000 0 und d a9780070144958 cIIMTU MEERUT aKoontz - Harold 0aEssentials of Management bTata mcgraw hill c1999